Les Tableaux du prime #4 - Star Académy 2022 - Statistiques

Statistiques générales
  • Ce quiz a été pris 61 fois
  • Le résultat moyen est 25 sur 49
Statistiques - réponses
Réponse % Correct
Académiciens Louis
92%
Académiciens Anisha
88%
Académiciens Enola
88%
Académiciens Léa
88%
Académiciens Julien
85%
Académiciens Stanislas
85%
Académiciens Carla
81%
Académiciens Chris
81%
Académiciens Paola
81%
Académiciens Tiana
81%
Interprète original Céline Dion
73%
Chansons Ne partez pas sans moi
69%
Artiste confirmé Garou
65%
Artistes confirmés Slimane
60%
Chansons Sous le vent
60%
Chansons Fever
58%
Chansons Fever
58%
Interprète original Angele
56%
Artistes confirmés Elodie Frégé
56%
Interprète original Dua Lipa
54%
Interprète original Amel Bent
52%
Chansons Avant toi
52%
Chansons Imagine
52%
Chansons Ma philosophie
52%
Interprète original Vitaa & Slimane
52%
Artistes confirmés Pomme
50%
Chansons Quand on n'a que l'amour
50%
Interprète original John Lennon
48%
Interprète original Jacques Brel
46%
Artistes confirmés Louise Attaque
46%
Film La Belle et la Bete
42%
Film Dirty Dancing
40%
Chansons J't'emmène au vent
40%
Artistes confirmés Camille Lellouche
38%
Chansons The time of my life
38%
Artistes confirmés Christophe Willem
35%
Chansons Jardin
35%
Chansons Histoire éternelle
33%
Chansons Ne me jugez pas
33%
Chansons Ps : Je t'aime
33%
Chansons A nos actes manqués
31%
Chansons Je serai là
29%
Interprète original Fredericks Goldman Jones
25%
Interprète original Bill Medley
23%
Chansons Everybody needs somebody
23%
Interprète original Lucie Dolène
21%
Interprète original The Blues Brothers
21%
Interprète original Jennifer Warnes
19%
Interprète original Peggy Lee
19%
Aucun quiz correspondant
Distribution des résultats
% des personnes avec chaque résultat
Percentile par nombre de réponses
Votre historique - résultats
Vous n’avez pas pris ce quiz